Miele : ein Charakterbild /

Main Author: Schlaf, Johannes, 1862-1941
Language: German
Published: Leipzig : Philipp Reclam jun., [1920]
Series: Universal-Bibliothek
Physical Description: 102 stran ; 16 cm
Language note: Tištěno švabachem
Book
Saved in:
LEADER 00870nam a22002777i 4500
001 001914620
003 CZ BrMZK
005 20241105114852.0
007 ta
008 241105s1920 gw er|||||||||||ger d
040 |a BOA001  |b cze  |e rda 
100 1 |a Schlaf, Johannes,  |d 1862-1941  |7 jn20010316179  |4 aut 
245 1 0 |a Miele :  |b ein Charakterbild /  |c von Johannes Schlaf 
264 1 |a Leipzig :  |b Philipp Reclam jun.,  |c [1920] 
300 |a 102 stran ;  |c 16 cm 
336 |a text  |b txt  |2 rdacontent 
337 |a bez média  |b n  |2 rdamedia 
338 |a svazek  |b nc  |2 rdacarrier 
490 1 |a Universal-Bibliothek ;  |v 6100 
546 |a Tištěno švabachem 
830 0 |a Universal-Bibliothek 
910 |a BOA001  |b 1-0073.819.6100 
990 |a BK 
993 |a Y 
991 |b 202410 
996 6 |b BC-2519828  |c 1-0073.819.6100  |l MZK  |r Sklad / do 1 hodiny  |n 0  |w 001983580  |u 000010  |a 1  |e BOA001  |j MZK50  |s P